<?xml version="1.0" encoding="UTF-8"?>
<record
    xmlns:xsi="http://www.w3.org/2001/XMLSchema-instance"
    xsi:schemaLocation="http://www.loc.gov/MARC21/slim http://www.loc.gov/standards/marcxml/schema/MARC21slim.xsd"
    xmlns="http://www.loc.gov/MARC21/slim">

  <leader>02631nam a22003137a 4500</leader>
  <controlfield tag="001">9263</controlfield>
  <controlfield tag="003">FISKH</controlfield>
  <controlfield tag="005">20251208141426.0</controlfield>
  <controlfield tag="008">251208b        cb ||||| |||| 00| 0 eng d</controlfield>
  <datafield tag="020" ind1=" " ind2=" ">
    <subfield code="a">9789995094195</subfield>
  </datafield>
  <datafield tag="040" ind1=" " ind2=" ">
    <subfield code="a">FISKH</subfield>
    <subfield code="b">khr</subfield>
    <subfield code="c">FISKH</subfield>
    <subfield code="d">FISKH</subfield>
  </datafield>
  <datafield tag="050" ind1=" " ind2=" ">
    <subfield code="a">PZ7</subfield>
  </datafield>
  <datafield tag="082" ind1=" " ind2=" ">
    <subfield code="a">398.2</subfield>
  </datafield>
  <datafield tag="100" ind1=" " ind2=" ">
    <subfield code="a">Anderson, Hans Christian </subfield>
  </datafield>
  <datafield tag="245" ind1=" " ind2=" ">
    <subfield code="a">&#x1794;&#x1780;&#x17D2;&#x179F;&#x17B8;&#x178E;&#x17B6;&#x1799;&#x1792;&#x17B8;&#x1784;&#x17A0;&#x17D2;&#x1782;&#x179B; :</subfield>
    <subfield code="b">The nightingale / </subfield>
    <subfield code="c">&#x1793;&#x17B7;&#x1796;&#x1793;&#x17D2;&#x1792;&#x178A;&#x17C4;&#x1799; Hans Christian Anderson ,&#x200B; &#x1780;&#x17C2;&#x179F;&#x1798;&#x17D2;&#x179A;&#x17BD;&#x179B;&#x178A;&#x17C4;&#x1799; &#x179B;&#x17B9;&#x1798; &#x179F;&#x1793;&#x17D2;&#x178F;&#x17B7;&#x1797;&#x17B6;&#x1796; &#x1793;&#x17B7;&#x1784; &#x1782;&#x17B9;&#x1798;&#x179F;&#x17CA;&#x17BB;&#x1793;&#x200B; &#x179F;&#x17BB;&#x1792;&#x17B6;&#x179A;&#x17B8; </subfield>
  </datafield>
  <datafield tag="260" ind1=" " ind2=" ">
    <subfield code="a">&#x1797;&#x17D2;&#x1793;&#x17C6;&#x1796;&#x17C1;&#x1789; :</subfield>
    <subfield code="b">Reading Books , </subfield>
    <subfield code="c">2008. </subfield>
  </datafield>
  <datafield tag="300" ind1=" " ind2=" ">
    <subfield code="a">32 pages : </subfield>
    <subfield code="b">color illustrations ; </subfield>
    <subfield code="c">25 cm . </subfield>
  </datafield>
  <datafield tag="490" ind1=" " ind2=" ">
    <subfield code="a">&#x1796;&#x17B7;&#x1797;&#x1796;&#x179A;&#x17BF;&#x1784;&#x1793;&#x17B7;&#x1791;&#x17B6;&#x1793;</subfield>
  </datafield>
  <datafield tag="505" ind1=" " ind2=" ">
    <subfield code="a">N 
</subfield>
  </datafield>
  <datafield tag="520" ind1=" " ind2=" ">
    <subfield code="a">&#x1796;&#x17D2;&#x179A;&#x17C7;&#x1798;&#x17A0;&#x17B6;&#x1780;&#x17D2;&#x179F;&#x178F;&#x17D2;&#x179A;&#x1785;&#x17B7;&#x1793;&#x1794;&#x17B6;&#x1793;&#x179F;&#x17D2;&#x178F;&#x17B6;&#x1794;&#x17CB;&#x1796;&#x17B8;&#x179F;&#x17C6;&#x17A1;&#x17C1;&#x1784;&#x1785;&#x17D2;&#x179A;&#x17C0;&#x1784;&#x17A2;&#x179F;&#x17D2;&#x1785;&#x17B6;&#x179A;&#x17D2;&#x1799;&#x179A;&#x1794;&#x179F;&#x17CB;&#x1794;&#x1780;&#x17D2;&#x179F;&#x17B8;&#x178E;&#x17B6;&#x1799;&#x1792;&#x17B8;&#x1784;&#x17A0;&#x17D2;&#x1782;&#x179B; &#x1793;&#x17B7;&#x1784;&#x1793;&#x17B6;&#x17C6;&#x179C;&#x17B6;&#x1798;&#x1780;&#x1785;&#x17D2;&#x179A;&#x17C0;&#x1784;&#x1793;&#x17C5;&#x179A;&#x17B6;&#x1787;&#x179C;&#x17B6;&#x17C6;&#x1784;&#x17D4; &#x1780;&#x17D2;&#x179A;&#x17C4;&#x1799;&#x1798;&#x1780;&#x1796;&#x17D2;&#x179A;&#x17C7;&#x17A2;&#x1784;&#x17D2;&#x1782;&#x1785;&#x17B6;&#x1794;&#x17CB;&#x17A2;&#x17B6;&#x179A;&#x1798;&#x17D2;&#x1798;&#x178E;&#x17CD;&#x179B;&#x17BE;&#x1794;&#x1780;&#x17D2;&#x179F;&#x17B8;&#x17A2;&#x17C1;&#x17A1;&#x17B7;&#x1785;&#x178F;&#x17D2;&#x179A;&#x17BC;&#x1793;&#x17B7;&#x1785;&#x1780;&#x17D2;&#x179B;&#x17C2;&#x1784;&#x1780;&#x17D2;&#x179B;&#x17B6;&#x1799; &#x17A0;&#x17BE;&#x1799;&#x1794;&#x1780;&#x17D2;&#x179F;&#x17B8;&#x1796;&#x17B7;&#x178F;&#x178F;&#x17D2;&#x179A;&#x17BC;&#x179C;&#x1794;&#x17B6;&#x1793;&#x1798;&#x17BE;&#x179B;&#x179A;&#x17C6;&#x179B;&#x1784;&#x17D4; &#x1796;&#x17C1;&#x179B;&#x1794;&#x1780;&#x17D2;&#x179F;&#x17B8;&#x17A2;&#x17C1;&#x17A1;&#x17B7;&#x1785;&#x178F;&#x17D2;&#x179A;&#x17BC;&#x1793;&#x17B7;&#x1785;&#x1781;&#x17BC;&#x1785; &#x1793;&#x17B7;&#x1784;&#x1796;&#x17D2;&#x179A;&#x17C7;&#x1798;&#x17A0;&#x17B6;&#x1780;&#x17D2;&#x179F;&#x178F;&#x17D2;&#x179A;&#x1785;&#x17BC;&#x179B;&#x1796;&#x17D2;&#x179A;&#x17C4;&#x17C7;&#x1787;&#x17C6;&#x1784;&#x17BA; &#x1794;&#x1780;&#x17D2;&#x179F;&#x17B8;&#x1796;&#x17B7;&#x178F;&#x1794;&#x17B6;&#x1793;&#x178F;&#x17D2;&#x179A;&#x179B;&#x1794;&#x17CB;&#x1798;&#x1780;&#x1785;&#x17D2;&#x179A;&#x17C0;&#x1784;&#x1787;&#x17BD;&#x1799;&#x1796;&#x17D2;&#x179A;&#x17C7;&#x17A2;&#x1784;&#x17D2;&#x1782;&#x17B2;&#x17D2;&#x1799;&#x1787;&#x17B6;&#x179F;&#x17C7;&#x179F;&#x17D2;&#x1794;&#x17BE;&#x1799;&#x179C;&#x17B7;&#x1789;&#x17D4; &#x1796;&#x17D2;&#x179A;&#x17C7;&#x1798;&#x17A0;&#x17B6;&#x1780;&#x17D2;&#x179F;&#x178F;&#x17D2;&#x179A;&#x1799;&#x179B;&#x17CB;&#x1790;&#x17B6; &#x179F;&#x17B7;&#x179B;&#x17D2;&#x1794;&#x17C8; &#x1793;&#x17B7;&#x1784;&#x179F;&#x17C1;&#x1785;&#x1780;&#x17D2;&#x178F;&#x17B8;&#x179F;&#x17D2;&#x1798;&#x17C4;&#x17C7;&#x178F;&#x17D2;&#x179A;&#x1784;&#x17CB;&#x1798;&#x17B6;&#x1793;&#x178F;&#x1798;&#x17D2;&#x179B;&#x17C3;&#x179B;&#x17BE;&#x179F;&#x179C;&#x178F;&#x17D2;&#x1790;&#x17BB;&#x1780;&#x17D2;&#x179B;&#x17C2;&#x1784;&#x1780;&#x17D2;&#x179B;&#x17B6;&#x1799;&#x17D4;</subfield>
  </datafield>
  <datafield tag="520" ind1=" " ind2=" ">
    <subfield code="a">The Emperor of China heard about the beautiful singing of the nightingale and brought it to the palace to sing. Later, he became fascinated by a mechanical, artificial bird, and the real nightingale was neglected. When the mechanical bird broke and the Emperor fell seriously ill, the real nightingale returned and sang to help him recover. The Emperor then realized that true art and sincerity are more valuable than artificial things.</subfield>
  </datafield>
  <datafield tag="521" ind1="8" ind2=" ">
    <subfield code="a">560 
</subfield>
    <subfield code="b">Lexile estimate 
</subfield>
  </datafield>
  <datafield tag="521" ind1="8" ind2=" ">
    <subfield code="a">N 
</subfield>
    <subfield code="b">Raz-Plus 
</subfield>
  </datafield>
  <datafield tag="650" ind1=" " ind2=" ">
    <subfield code="a">&#x1794;&#x1780;&#x17D2;&#x179F;&#x17B8;&#x178E;&#x17B6;&#x1799;&#x1792;&#x17B8;&#x1784;&#x17A0;&#x17D2;&#x1782;&#x179B;</subfield>
    <subfield code="v">&#x179A;&#x17BF;&#x1784;&#x1793;&#x17B7;&#x1791;&#x17B6;&#x1793;&#x1780;&#x17BB;&#x1798;&#x17B6;&#x179A;</subfield>
  </datafield>
  <datafield tag="650" ind1=" " ind2=" ">
    <subfield code="a">The nightingale</subfield>
    <subfield code="v">Children's Stories </subfield>
  </datafield>
  <datafield tag="700" ind1=" " ind2=" ">
    <subfield code="a">Ra B, Tha</subfield>
    <subfield code="e">Illustrator </subfield>
  </datafield>
  <datafield tag="942" ind1=" " ind2=" ">
    <subfield code="2">ddc</subfield>
    <subfield code="c">KHB</subfield>
    <subfield code="n">0</subfield>
  </datafield>
  <datafield tag="999" ind1=" " ind2=" ">
    <subfield code="c">9263</subfield>
    <subfield code="d">9263</subfield>
  </datafield>
  <datafield tag="952" ind1=" " ind2=" ">
    <subfield code="0">0</subfield>
    <subfield code="1">0</subfield>
    <subfield code="2">ddc</subfield>
    <subfield code="4">0</subfield>
    <subfield code="7">0</subfield>
    <subfield code="8">KH</subfield>
    <subfield code="a">002</subfield>
    <subfield code="b">002</subfield>
    <subfield code="c">TTP Khmer</subfield>
    <subfield code="d">2025-12-08</subfield>
    <subfield code="l">0</subfield>
    <subfield code="o">AND PZ7 398.2 </subfield>
    <subfield code="p">2025-5070</subfield>
    <subfield code="r">2025-12-08 14:14:23</subfield>
    <subfield code="w">2025-12-08</subfield>
    <subfield code="y">KHB</subfield>
  </datafield>
</record>
